[Event "CZE Extraliga 2019-20"]
[Site "Czech Republic"]
[Date "2019.12.01"]
[Round "4.4"]
[White "Bernasek, Jan"]
[Black "Votava, Jan"]
[Result "1-0"]
[WhiteElo "2490"]
[BlackElo "2521"]
[Annotator "ChessBase"]
[PlyCount "77"]
[EventDate "2019.09.15"]
[EventType "team-tourn"]
[EventCountry "CZE"]
[SourceTitle "playchess.com"]
[Source "ChessBase"]
[SourceQuality "1"]
[WhiteTeam "Siesta Solution Unichess "]
[BlackTeam "Pardubice"]
[TimeControl "40/5400+30:1800+30"]

1. c4 {[%emt 0:00:00]} c5 {[%emt 0:00:00]} 2. Nf3 {[%emt 0:00:08]} Nf6 {[%emt 0:00:00]} 3. Nc3 {[%emt 0:00:22]} d5 {[%emt 0:00:06]} 4. cxd5 {[%emt 0:00:08]} Nxd5 {[%emt 0:00:02]} 5. e3 e6 {[%emt 0:06:38]} 6. Nxd5 {[%emt 0:05:04]} exd5 {[%emt 0:04:51]} 7. b4 {[%emt 0:01:38]} cxb4 {[%emt 0:07:21]} 8. Bb2 {[%emt 0:03:22]} Nc6 {[%emt 0:01:22]} 9. Rc1 {[%emt 0:08:02]} Be6 {[%emt 0:20:39]} 10. Nd4 {[%emt 0:08:11]} Nxd4 {[%emt 0:00:58]} 11. Bxd4 {[%emt 0:00:13]} f6 {[%emt 0:19:50]} 12. Bd3 {[%emt 0:06:40]} Be7 {[%emt 0:03:02]} 13. Qh5+ {[%emt 0:02:33]} Kf8 {[%emt 0:06:06]} 14. O-O {[%emt 0:03:59]} Qd7 {[%emt 0:03:23]} 15. f4 {[%emt 0:09:14]} Bd6 {[%emt 0:06:39]} 16. Qh4 {[%emt 0:04:28]} Bf5 {[%emt 0:04:40]} 17. Be2 {[%emt 0:03:16]} h5 {[%emt 0:01:48]} 18. Bf3 {[%emt 0:11:58]} Be7 {[%emt 0:01:45]} 19. Bc5 {[%emt 0:06:35]} b6 {[%emt 0:03:25]} 20. Bxe7+ {[%emt 0:06:58]} Kxe7 {[%emt 0:00:01]} 21. d3 {[%emt 0:00:24]} Rac8 {[%emt 0:04:11]} 22. e4 {[%emt 0:01:04]} Rxc1 {[%emt 0:01:08]} 23. Rxc1 {[%emt 0:00:06]} dxe4 {[%emt 0:00:19]} 24. dxe4 {[%emt 0:00:07]} Qd4+ {[%emt 0:01:05]} 25. Kh1 {[%emt 0:00:41]} Qb2 {[%emt 0:02:31]} 26. Re1 {[%emt 0:02:07]} Be6 {[%emt 0:00:33]} 27. e5 {[%emt 0:00:04]} Rc8 {[%emt 0:00:35]} 28. exf6+ {[%emt 0:03:04]} Qxf6 {[%emt 0:00:11]} 29. Qxh5 {[%emt 0:00:05]} Rc5 {[%emt 0:00:45]} 30. Qh7 {[%emt 0:01:08]} Kd7 {[%emt 0:00:32]} 31. Qe4 {[%emt 0:00:35]} Bd5 {[%emt 0:00:30]} 32. Rd1 {[%emt 0:04:01]} Qd6 {[%emt 0:00:17]} 33. Qxd5 {[%emt 0:03:35]} Rxd5 {[%emt 0:00:15]} 34. Rxd5 {[%emt 0:00:05]} a5 {[%emt 0:00:10]} 35. Rxd6+ {[%emt 0:01:53]} Kxd6 {[%emt 0:00:01]} 36. Bd1 {[%emt 0:00:18]} b5 {[%emt 0:00:48]} 37. g4 {[%emt 0:00:41]} a4 {[%emt 0:00:38]} 38. f5 {[%emt 0:00:39]} b3 {[%emt 0:00:43]} 39. Bxb3 {[%emt 0:00:07] Kd5} 1-0

[Event "CZE Extraliga 2019-20"]
[Site "Czech Republic"]
[Date "2019.12.01"]
[Round "4.4"]
[White "BSS6 Zwardon Vojtech IM"]
[Black "POR6 Cvek Robert GM"]
[Result "1/2-1/2"]
[WhiteElo "2471"]
[BlackElo "2517"]
[Annotator "TA"]
[PlyCount "28"]
[EventDate "2019.09.15"]
[EventType "team-tourn"]
[EventCountry "CZE"]
[SourceTitle "playchess.com"]
[Source "ChessBase"]
[SourceQuality "1"]

{[%evp 12,24,12,-1,0,0,0,0,8,0,0,0,0,0,0]} 1. c4 e6 2. Nc3 d5 3. d4 Nf6 4. Bg5 Be7 5. cxd5 Nxd5 6. Bxe7 Qxe7 7. Nf3 {The position is equal.} O-O {D53: Queen's Gambit Declined: 4 Bg5 Be7: Early deviations} 8. Rc1 Nxc3 9. Rxc3 Nc6 10. e3 e5 11. Nxe5 Nxe5 12. dxe5 Qxe5 {Predecessor:} 13. Bc4 $146 Be6 14. Bxe6 Qxe6 {½-½ (35) Timofeev,A (2597)-Inarkiev,E (2666) Vladivostok 2014} 1/2-1/2

[Event "CZE Extraliga 2019-20"]
[Site "Czech Republic"]
[Date "2019.12.01"]
[Round "4.4"]
[White "Zwardon, Vojtech"]
[Black "Cvek, Robert"]
[Result "1/2-1/2"]
[WhiteElo "2471"]
[BlackElo "2517"]
[Annotator "ChessBase"]
[PlyCount "24"]
[EventDate "2019.09.15"]
[EventType "team-tourn"]
[EventCountry "CZE"]
[SourceTitle "playchess.com"]
[Source "ChessBase"]
[SourceQuality "1"]
[WhiteTeam "Frydek-Mistek"]
[BlackTeam "Poruba "]
[TimeControl "40/5400+30:1800+30"]

1. c4 e6 {[%emt 0:00:00]} 2. Nc3 {[%emt 0:00:00]} d5 {[%emt 0:00:00]} 3. d4 {[%emt 0:00:00]} Nf6 {[%emt 0:00:38]} 4. Bg5 {[%emt 0:01:10]} Be7 {[%emt 0:00:46]} 5. cxd5 {[%emt 0:00:07]} Nxd5 {[%emt 0:01:58]} 6. Bxe7 {[%emt 0:00:12]} Qxe7 {[%emt 0:00:06]} 7. Nf3 {[%emt 0:00:27]} O-O {[%emt 0:02:16]} 8. Rc1 {[%emt 0:01:30]} Nxc3 {[%emt 0:00:22]} 9. Rxc3 {[%emt 0:00:15]} Nc6 {[%emt 0:00:12]} 10. e3 {[%emt 0:01:51]} e5 {[%emt 0:00:14]} 11. Nxe5 {[%emt 0:01:53]} Nxe5 {[%emt 0:00:06]} 12. dxe5 {[%emt 0:00:05]} Qxe5 {[%emt 0:00:06]} 1/2-1/2

[Event "CZE Extraliga 2019-20"]
[Site "Czech Republic"]
[Date "2019.12.01"]
[Round "4.4"]
[White "Mazur, Stefan"]
[Black "Rasik, Vitezslav"]
[Result "1/2-1/2"]
[WhiteElo "2445"]
[BlackElo "2470"]
[Annotator "ChessBase"]
[PlyCount "83"]
[EventDate "2019.09.15"]
[EventType "team-tourn"]
[EventCountry "CZE"]
[SourceTitle "playchess.com"]
[Source "ChessBase"]
[SourceQuality "1"]
[WhiteTeam "Kromeriz "]
[BlackTeam "Ostrava"]
[TimeControl "40/5400+30:1800+30"]

1. e4 {[%emt 0:00:00]} d6 {[%emt 0:00:00]} 2. d4 {[%emt 0:00:17]} g6 {[%emt 0:00:00]} 3. Nc3 {[%emt 0:00:05]} Bg7 {[%emt 0:00:00]} 4. Be3 {[%emt 0:00:10]} Nf6 {[%emt 0:00:02]} 5. Qd2 {[%emt 0:00:45]} c6 {[%emt 0:00:18]} 6. Bh6 {[%emt 0:03:09]} Bxh6 {[%emt 0:00:29]} 7. Qxh6 {[%emt 0:01:02]} Qa5 {[%emt 0:00:16]} 8. Bd3 {[%emt 0:01:47]} c5 {[%emt 0:00:50]} 9. d5 {[%emt 0:00:41]} Nbd7 {[%emt 0:01:44]} 10. O-O-O {[%emt 0:01:31]} b5 {[%emt 0:20:36]} 11. Bxb5 {[%emt 0:00:21]} Rb8 {[%emt 0:03:37]} 12. Bxd7+ {[%emt 0:01:12]} Bxd7 {[%emt 0:01:06]} 13. Nge2 {[%emt 0:00:23]} Qb4 {[%emt 0:11:31]} 14. b3 {[%emt 0:01:24]} a5 {[%emt 0:08:03]} 15. f3 {[%emt 0:40:57]} a4 {[%emt 0:12:26]} 16. bxa4 {[%emt 0:06:56]} Bxa4 {[%emt 0:11:59]} 17. Kd2 {[%emt 0:00:58]} Qa5 {[%emt 0:00:53]} 18. Rb1 {[%emt 0:01:13]} Kd7 {[%emt 0:04:52]} 19. Qg7 {[%emt 0:04:41]} Rhf8 {[%emt 0:03:35]} 20. Rxb8 {[%emt 0:03:29]} Rxb8 {[%emt 0:00:02]} 21. Qxf7 {[%emt 0:00:21]} Kd8 {[%emt 0:03:18]} 22. Qf8+ {[%emt 0:08:18]} Be8 {[%emt 0:00:16]} 23. Nf4 {[%emt 0:01:13]} Rb4 {[%emt 0:01:40]} 24. Ne6+ {[%emt 0:09:14]} Kd7 {[%emt 0:00:08]} 25. Qh6 {[%emt 0:05:15]} Rd4+ {[%emt 0:02:53]} 26. Nxd4 {[%emt 0:00:08]} cxd4 {[%emt 0:00:02]} 27. Rb1 {[%emt 0:00:16]} dxc3+ {[%emt 0:01:18]} 28. Ke1 {[%emt 0:03:50]} Qxa2 {[%emt 0:02:19]} 29. Qc1 {[%emt 0:00:52]} Qa7 {[%emt 0:01:46]} 30. Ke2 {[%emt 0:01:12]} e6 {[%emt 0:05:40]} 31. Qe3 {[%emt 0:02:46]} Qxe3+ {[%emt 0:01:05]} 32. Kxe3 {[%emt 0:00:02]} exd5 33. exd5 {[%emt 0:00:32]} Nxd5+ {[%emt 0:01:01]} 34. Kd4 {[%emt 0:00:03]} Kc6 {[%emt 0:01:55]} 35. Rb8 {[%emt 0:00:58]} Bd7 {[%emt 0:00:14]} 36. g4 {[%emt 0:00:59]} h5 {[%emt 0:01:18]} 37. gxh5 {[%emt 0:00:36]} gxh5 {[%emt 0:00:01]} 38. Rf8 {[%emt 0:00:09]} h4 {[%emt 0:00:54]} 39. f4 {[%emt 0:00:27]} Ne7 {[%emt 0:00:41]} 40. Kxc3 {[%emt 0:00:15]} Bf5 {[%emt 0:00:32]} 41. Rh8 {[%emt 0:04:27]} h3 {[%emt 0:02:22]} 42. Kd4 {[%emt 0:01:29]} 1/2-1/2

[Event "CZE Extraliga 2019-20"]
[Site "Czech Republic"]
[Date "2019.12.01"]
[Round "4.4"]
[White "Miesbauer, Jan"]
[Black "Vykouk, Jan"]
[Result "1-0"]
[WhiteElo "2397"]
[BlackElo "2477"]
[Annotator "TA"]
[PlyCount "95"]
[EventDate "2019.09.15"]
[EventType "team-tourn"]
[EventCountry "CZE"]
[SourceTitle "playchess.com"]
[Source "ChessBase"]
[SourceQuality "1"]
[WhiteTeam " Praha"]
[BlackTeam "Turnov"]

{[%evp 23,101,33,32,10,47,50,50,50,57,47,66,51,61,30,73,93,86,87,79,77,89,64,70,52,54,59,167,167,145,133,144,155,178,56,332,298,273,216,340,327,372,378,383,383,376,350,529,165,149,0,510,531,536,529,503,536,492,502,500,454,604,610,615,565,792,759,745,622,769,745,976,941,1167,1152,1093,1072,1450,1406,1098,1014]} 1. d4 Nf6 2. Nf3 g6 3. c4 Bg7 4. g3 d5 5. cxd5 Nxd5 6. Bg2 Nb6 7. Nc3 Nc6 8. e3 e5 9. d5 Nb4 10. e4 c6 11. a3 Na6 12. O-O O-O 13. dxc6 {D76: Fianchetto Grünfeld: Main Line with 7...Nb6} Qxd1 $146 ({Predecessor:} 13... bxc6 14. Qc2 Nc5 15. Rd1 Qc7 16. Be3 Ne6 17. Na4 Nxa4 18. Qxa4 c5 19. Rac1 Bb7 20. Bh3 Nd4 21. Bxd4 {½-½ (21) Motuz,K (2367)-Molnar,E (2233) Slovakia 2019}) 14. Rxd1 bxc6 15. b4 {White is slightly better.} Nc7 16. Be3 Ne6 17. Bf1 $1 f5 18. Be2 fxe4 19. Nxe4 Nd5 20. Bd2 Nd4 21. Nxd4 exd4 22. Rac1 Bf5 23. Bf3 $36 {[%mdl 2048] White has the initiative.} Bxe4 24. Bxe4 Rae8 (24... Nc3 $14 25. Bxc3 (25. Bxc6 Nxd1 26. Bxa8 Nc3 $16) 25... dxc3) 25. Re1 $18 Nc3 26. Bxc6 Rxe1+ 27. Rxe1 d3 28. Re3 (28. Kg2 $18) 28... Ne2+ $2 {[%mdl 8192]} ({Better is} 28... Rd8 $1 $14) 29. Kg2 Bd4 30. Rf3 ({Inferior is} 30. Rxd3 Rxf2+ 31. Kh1 (31. Kh3 Ng1+ 32. Kg4 h5+ 33. Kg5 Rxd2 $17) 31... Rf1+ 32. Kg2 Rf2+ 33. Kh1 (33. Kh3 Ng1+ 34. Kg4 h5+ 35. Kg5 Rxd2 $17) 33... Rf1+ 34. Kg2 Rf2+ $11) 30... Rxf3 (30... Nc3 {was worth a try.} 31. Bxc3 (31. Rxd3 Rxf2+ 32. Kh3 Ne2 $18) 31... Bxc3 32. Rxd3 Be1) 31. Kxf3 {[%mdl 4096] Endgame KBB-KBN} Nc3 32. Be3 Bf6 33. Be4 Nd1 34. Bc1 Nb2 (34... Bd4 {was called for.} 35. Bh6 (35. Bxd3 Nxf2 36. Bc4+ Kg7 $18) 35... Nxf2 36. Bd5+ Kh8) 35. Ke3 $2 (35. Bd5+ Kf8 36. Bb3) 35... Nd1+ 36. Kf3 $2 {[%mdl 8192]} ({Resist} 36. Kxd3 $6 Nxf2+ 37. Ke3 Bg5+ 38. Kxf2 Bxc1 $14) (36. Kf4 $16) 36... Nb2 $1 37. Bd5+ {White is clearly winning.} Kf8 38. Bb3 Ke7 39. Bd2 Kd6 40. Ke4 Kc6 41. h4 Bg7 42. g4 Kb5 43. Kd5 Kb6 44. g5 Kb5 45. f4 Bh8 {[#]} 46. a4+ $1 {[%mdl 512]} Kb6 (46... Nxa4 47. Bc4+) 47. Ke4 Kc6 {[#]} 48. f5 {Played: h4-h5} 1-0

[Event "CZE Extraliga 2019-20"]
[Site "Czech Republic"]
[Date "2019.12.03"]
[Round "4.5"]
[White "Polak, Tomas"]
[Black "Krejci, Jan"]
[Result "0-1"]
[WhiteElo "2551"]
[BlackElo "2578"]
[Annotator "ChessBase"]
[PlyCount "108"]
[EventDate "2019.09.15"]
[EventType "team-tourn"]
[EventCountry "CZE"]
[SourceTitle "playchess.com"]
[Source "ChessBase"]
[SourceQuality "1"]
[WhiteTeam "Brno"]
[BlackTeam "Novoborsky"]
[WhiteTeamCountry "CZE"]
[BlackTeamCountry "CZE"]
[TimeControl "40/5400+30:1800+30"]

1. d4 {[%emt 0:00:00]} Nf6 {[%emt 0:00:00]} 2. c4 {[%emt 0:00:00]} e6 {[%emt 0:00:00]} 3. Nc3 {[%emt 0:01:00]} Bb4 {[%emt 0:01:53]} 4. e3 {[%emt 0:01:02]} O-O {[%emt 0:00:59]} 5. Nge2 {[%emt 0:00:20]} d5 {[%emt 0:01:42]} 6. a3 {[%emt 0:00:11]} Bd6 {[%emt 0:00:39]} 7. Ng3 {[%emt 0:01:42]} c5 {[%emt 0:08:05]} 8. dxc5 {[%emt 0:06:23]} Bxc5 {[%emt 0:00:40]} 9. b4 {[%emt 0:00:46]} Be7 {[%emt 0:08:24]} 10. Bb2 {[%emt 0:00:53]} Nc6 {[%emt 0:00:58]} 11. Rc1 {[%emt 0:14:54]} a5 {[%emt 0:08:38]} 12. b5 {[%emt 0:07:03]} Ne5 {[%emt 0:00:12]} 13. cxd5 {[%emt 0:00:14]} exd5 {[%emt 0:00:08]} 14. Qd4 {[%emt 0:00:31]} Nc4 {[%emt 0:05:02]} 15. Nxd5 {[%emt 0:05:23]} Nxb2 {[%emt 0:07:01]} 16. Nxe7+ {[%emt 0:19:00]} Qxe7 {[%emt 0:00:51]} 17. Qxb2 {[%emt 0:04:02]} h5 {[%emt 0:08:30]} 18. Bd3 {[%emt 0:04:05]} Rd8 {[%emt 0:08:47]} 19. Bb1 {[%emt 0:12:23]} h4 {[%emt 0:00:30]} 20. Ne2 {[%emt 0:00:30]} h3 {[%emt 0:00:30]} 21. gxh3 {[%emt 0:00:30]} Bxh3 {[%emt 0:00:30]} 22. Rg1 {[%emt 0:00:30]} Rac8 {[%emt 0:00:30]} 23. Rxc8 {[%emt 0:00:30]} Bxc8 {[%emt 0:00:30]} 24. Rg5 {[%emt 0:00:30]} Bg4 {[%emt 0:00:30]} 25. Nd4 {[%emt 0:00:30]} Qd6 {[%emt 0:08:10]} 26. f4 {[%emt 0:01:04]} Re8 {[%emt 0:03:39]} 27. Kf2 {[%emt 0:01:27]} Bd7 {[%emt 0:00:36]} 28. h3 {[%emt 0:04:45]} g6 {[%emt 0:03:28]} 29. Nf3 {[%emt 0:01:48]} Qe6 {[%emt 0:09:18]} 30. Bxg6 {[%emt 0:08:02]} fxg6 {[%emt 0:01:26]} 31. Rxg6+ {[%emt 0:00:07]} Kf7 {[%emt 0:00:03]} 32. Ne5+ {[%emt 0:00:16]} Ke7 {[%emt 0:01:24]} 33. Qd4 {[%emt 0:01:40]} Rd8 {[%emt 0:05:47]} 34. Rg7+ {[%emt 0:02:30]} Ke8 {[%emt 0:00:30]} 35. Qd3 {[%emt 0:01:13]} Qa2+ {[%emt 0:02:30]} 36. Kg3 {[%emt 0:00:58]} Nh5+ {[%emt 0:00:41]} 37. Kh4 {[%emt 0:00:04]} Nxg7 {[%emt 0:01:12]} 38. Qg6+ {[%emt 0:00:05]} Kf8 {[%emt 0:01:13]} 39. Qf6+ {[%emt 0:00:13]} Kg8 {[%emt 0:00:09]} 40. Qxd8+ {[%emt 0:00:11]} Be8 {[%emt 0:00:03]} 41. Ng4 {[%emt 0:31:57]} Qe6 {[%emt 0:08:04]} 42. e4 {[%emt 0:00:00]} Kf8 {[%emt 0:03:23]} 43. f5 {[%emt 0:00:00]} Qxe4 {[%emt 0:01:29]} 44. Qd6+ {[%emt 0:00:00]} Kg8 {[%emt 0:03:05]} 45. Qf6 {[%emt 0:00:00]} Qf4 {[%emt 0:00:17]} 46. Qg5 {[%emt 0:00:00]} Qxg5+ {[%emt 0:00:29]} 47. Kxg5 {[%emt 0:00:00]} Bxb5 {[%emt 0:00:09]} 48. Ne5 {[%emt 0:00:00]} Be8 {[%emt 0:02:38]} 49. Nc4 {[%emt 0:00:00]} a4 {[%emt 0:00:12]} 50. Nb6 {[%emt 0:00:36]} Bc6 {[%emt 0:06:14]} 51. h4 {[%emt 0:01:44]} Ne8 {[%emt 0:00:50]} 52. Kf4 {[%emt 0:01:42]} Nf6 {[%emt 0:00:29]} 53. Ke5 {[%emt 0:00:20]} Nd7+ {[%emt 0:01:03]} 54. Nxd7 {[%emt 0:00:22]} Bxd7 {[%emt 0:00:01]} 0-1

[Event "CZE Extraliga 2019-20"]
[Site "Czech Republic"]
[Date "2019.12.01"]
[Round "4.5"]
[White "Pechac, Jergus"]
[Black "Jurcik, Marian"]
[Result "1-0"]
[WhiteElo "2489"]
[BlackElo "2486"]
[Annotator "TA"]
[PlyCount "55"]
[EventDate "2019.09.15"]
[EventType "team-tourn"]
[EventCountry "CZE"]
[SourceTitle "playchess.com"]
[Source "ChessBase"]
[SourceQuality "1"]
[WhiteTeam "Pardubice "]
[BlackTeam "Siesta Solution Unichess "]

{[%evp 17,55,4,4,7,17,14,11,18,6,4,7,6,44,18,66,45,37,36,31,21,29,26,102,66,154,154,169,155,266,204,479,492,483,490,555,571,1149,539,29987,29988]} 1. d4 Nf6 2. c4 e6 3. Nc3 Bb4 4. e3 b6 5. Bd3 Bb7 6. Nf3 O-O 7. O-O d5 8. cxd5 exd5 9. Ne5 Bd6 10. Nb5 {E52: Nimzo-Indian: Rubinstein: 4...0-0 5 Nf3 d5 6 Bd3 b6} Be7 11. b3 a6 12. Nc3 {The position is equal.} Bd6 13. Bb2 Nbd7 14. f4 (14. Ne2 Re8 15. f4 Ne4 16. Ng3 Nf8 17. Nxe4 dxe4 18. Bc4 Re7 19. Qh5 g6 20. Qh6 Bxe5 21. dxe5 b5 22. Rad1 Qe8 {1-0 (43) Nakamura,H (2780)-Topalov,V (2749) Saint Louis 2017}) 14... c5 15. Qf3 Re8 16. Rad1 $146 ({Predecessor:} 16. g4 Nf8 17. g5 N6d7 18. Rad1 Ra7 19. Nxd5 Bxe5 20. dxe5 Nxe5 21. Bxe5 Rxe5 22. fxe5 Bxd5 23. Qxd5 Qxd5 24. Bxh7+ Nxh7 25. Rxd5 Nxg5 {1-0 (33) Dokutchaev,A (2399)-Pavlov,A (2283) St Petersburg 2009}) 16... cxd4 17. exd4 Bb4 18. Qh3 {Nxd7 is the strong threat.} Nf8 19. Ne2 Bc8 (19... Rc8 $11) 20. f5 $16 h6 {[#]} (20... a5 $14) 21. Rf3 $1 N8h7 {[#]} 22. Bc1 $1 Ne4 (22... Ng5 $16 {was worth a try.} 23. Bxg5 hxg5) 23. Qh5 Qe7 $2 (23... Qc7) 24. Bxe4 $1 $18 Nf6 25. Qh4 dxe4 26. Rg3 {Threatens to win with Bxh6.} Nh7 27. Qh5 (27. Bxh6 $142 f6 28. Nc6) 27... Kf8 {[#]} 28. Bxh6 $1 {[%mdl 512] Accuracy: White = 75%, Black = 38%.} 1-0

[Event "CZE Extraliga 2019-20"]
[Site "Czech Republic"]
[Date "2019.12.01"]
[Round "4.5"]
[White "Simacek, Pavel"]
[Black "Frolov, Artur"]
[Result "0-1"]
[WhiteElo "2486"]
[BlackElo "2425"]
[Annotator "TA"]
[PlyCount "134"]
[EventDate "2019.09.15"]
[EventType "team-tourn"]
[EventCountry "CZE"]
[SourceTitle "playchess.com"]
[Source "ChessBase"]
[SourceQuality "1"]
[WhiteTeam "Turnov "]
[BlackTeam "Praha"]

{[%evp 22,134,42,42,49,14,34,18,12,0,0,-63,-68,-56,-43,-35,-24,-33,-22,-41,-14,-16,-15,-23,-7,-14,-8,-16,-12,-34,0,-7,-8,-16,-21,-41,-12,-36,-43,-78,-71,-86,-86,-77,-9,-32,-35,-25,-9,-9,-9,-14,0,0,0,-86,-93,-93,-88,-115,-103,-66,-24,-397,-382,-521,-572,-489,-533,-580,-570,-560,-552,-532,-449,-506,-457,-793,-741,-1218,-1082,-5700,-5578,-29959,-29954,-9390,-5181,-608,-5577,-4979,-3333,-2716,-1772,-5081,-29959,-29975,-29976,-29976,-29977,-29978,-29979,-29984,-29979,-29979,-29980,-29980,-29981,-29984,-29985,-29987,-29987,-29987,-29986,-29986,-29987]} 1. e4 c5 2. Nf3 Nc6 3. d4 cxd4 4. Nxd4 Nf6 5. Nc3 d6 6. Bg5 e6 7. Qd2 a6 8. O-O-O Bd7 9. f4 Be7 10. Nf3 b5 11. Bxf6 gxf6 12. Kb1 Qa5 {B69: Sicilian: Richter-Rauzer: 7...a6 8 0-0-0 Bd7 9 f4 Be7 10 Nf3 b5 11 Bxf6} (12... Qb6 13. Bd3 O-O-O 14. Rhe1 Na5 15. f5 Kb8 16. fxe6 fxe6 17. Ne2 Nc6 18. Nf4 Ne5 19. Bf1 Ng6 20. g3 Nxf4 21. gxf4 {1-0 (51) Inarkiev,E (2692)-Nihal,S (2578) Sharjah 2019}) 13. Bd3 Rc8 14. Rhf1 Nb4 {The position is equal.} 15. a3 $146 (15. Nd4 {looks sharper.} Nxd3 16. Qxd3 b4 17. Nce2 Qc5 18. c3) ({Predecessor:} 15. Nd4 Rxc3 16. Qxc3 Qxa2+ 17. Kc1 d5 18. Kd2 Nxd3 19. cxd3 b4 20. Qc2 dxe4 21. dxe4 {1-0 (35) Malisauskas,V (2325)-Tischbierek,R (2435) Eger 1987}) 15... Nxd3 16. cxd3 (16. Qxd3 $11 b4 17. axb4 Qxb4 18. Qd4) 16... Qb6 $1 $15 17. Qf2 Qxf2 18. Rxf2 Bd8 19. d4 Ba5 20. Rc2 Bxc3 21. Rxc3 Rxc3 22. bxc3 {[%mdl 4096] Endgame KRB-KRN} Ke7 23. Re1 h5 24. Kc2 h4 25. Kd3 Rh5 26. Ke3 Bc6 27. Rc1 Kd7 28. Rc2 Ba8 29. Rc1 Rh8 30. Rc2 f5 31. e5 Be4 32. Rc1 d5 (32... dxe5 $17 {Hoping for ...Bxf3.} 33. fxe5 Bd5) 33. Ng5 $1 $11 Ke7 34. Rg1 Rc8 35. Kd2 $1 a5 36. g3 {[#]} b4 $1 {[%mdl 512]} 37. axb4 axb4 38. Nxe4 (38. cxb4 $11 {keeps the balance.} Rc2+ 39. Ke3) 38... fxe4 $17 39. cxb4 $11 {KR-KR} Rc4 40. Rb1 Rxd4+ 41. Ke2 Kd7 42. Rb3 $2 {[%mdl 8192]} (42. gxh4 $11 Rd3 43. Rc1) 42... Rc4 $19 43. Kd2 hxg3 44. hxg3 Kc6 45. b5+ Kb6 46. g4 Ra4 47. Ke3 {[#]} Ra1 $1 48. f5 Rf1 {Threatens to win with ...Rf3+.} 49. Ke2 (49. Rc3 $142 Rg1 50. fxe6 fxe6 51. Rc6+ Kxb5 52. Rxe6 Rg3+ 53. Kf2 Rxg4 54. Re8) 49... Rg1 50. Rh3 d4 51. fxe6 fxe6 52. Rh6 Rg2+ 53. Kf1 Rxg4 54. Rxe6+ Kxb5 55. Rd6 Kc5 56. Rd7 Rg6 57. Ra7 d3 58. Kf2 {Black mates.} Kd4 59. Rd7+ Kxe5 60. Re7+ Re6 61. Ra7 Rf6+ 62. Ke3 Rf3+ 63. Kd2 Rf2+ 64. Ke1 Rh2 65. Ra8 Kd4 66. Rg8 Rh1+ 67. Kf2 e3+ {Accuracy: White = 35%, Black = 81%.} 0-1

[Event "CZE Extraliga 2019-20"]
[Site "Czech Republic"]
[Date "2019.12.01"]
[Round "4.5"]
[White "Cerveny, Martin"]
[Black "Jansa, Vlastimil"]
[Result "1/2-1/2"]
[WhiteElo "2350"]
[BlackElo "2452"]
[Annotator "TA"]
[PlyCount "96"]
[EventDate "2019.09.15"]
[EventType "team-tourn"]
[EventCountry "CZE"]
[SourceTitle "playchess.com"]
[Source "ChessBase"]
[SourceQuality "1"]
[WhiteTeam "Duras"]
[BlackTeam "Lysa nad Labem "]

{[%evp 9,96,6,16,8,32,10,15,0,0,0,0,-32,0,-49,-59,-53,-64,-49,-12,-12,-12,-12,-12,-14,-18,-18,-10,-44,-43,-81,-79,-80,-81,-79,-75,-83,-81,-131,-129,-126,-120,-132,-129,-109,-106,-202,-196,-142,-16,-22,62,-627,-6,-271,-254,-540,-222,-214,-225,-193,-175,-152,0,0,0,0,0,0,0,0,0,0,0,0,0,0,0,0,20,20,41,20,27,27,27,27,27,27,27]} 1. d4 Nf6 2. Nf3 g6 3. b4 Bg7 4. Bb2 O-O 5. e3 a5 (5... d6 6. Nbd2 e5 7. dxe5 Ng4 8. Rb1 Nxe5 9. Be2 a5 10. b5 Nbd7 11. O-O Qe7 12. Nc4 Nxc4 13. Bxg7 Kxg7 14. Bxc4 {1-0 (29) Kamsky,G (2677)-Sychev,K (2529) Moscow 2018}) 6. b5 $146 {A48: 1 d4 Nf6 2 Nf3 g6: Torre, London and Colle Systems} ({Predecessor:} 6. a3 axb4 7. axb4 Rxa1 8. Bxa1 d5 9. Ne5 Nbd7 10. Be2 c6 11. Nd3 b5 12. Nd2 Nb6 13. O-O {½-½ (35) Zeman,L (1849)-Vlasak,L (1771) Rychnov nad Kneznou 2015}) 6... a4 7. c4 c6 8. Ba3 {The position is equal.} cxb5 9. cxb5 d6 10. Nbd2 Nbd7 11. Rc1 Nb6 12. Bd3 Be6 13. Rc2 {[#]} Bb3 $1 {[%mdl 512]} 14. axb3 axb3 15. Rc3 Rxa3 16. Rxb3 Qa8 17. O-O Rc8 18. e4 Nfd7 19. Nb1 Ra1 20. Qd2 e5 21. dxe5 Nxe5 22. Nxe5 Bxe5 23. Rc1 Rc5 24. Rf1 Nc4 25. Qb4 Ra4 26. Qe1 Bd4 $36 {[%mdl 2048] Keeping White busy.} 27. g3 (27. Bxc4 $17 {was worth a try.} Rcxc4 28. Nc3) 27... Ne5 $1 $19 {[%cal Re5f3]} 28. Be2 Rc2 (28... Ra2 $17 {aiming for ...Rcc2.} 29. Qb4 Rxe2 30. Qxd4 Rxb5 $1 {[%mdl 512]}) 29. Qd1 $1 $11 {[%cal Rd1c2]} Qc8 {[#]} (29... Rca2 $11 30. Nc3 Ra1) 30. b6 $2 {[%mdl 8192] [#]} (30. Rc3 $1 $14 {[%mdl 512]} Rxc3 31. Nxc3) 30... Qc5 $2 {[#]} (30... Bxf2+ $1 $19 {[%mdl 512]} 31. Rxf2 Rc1) 31. Rb5 $2 {[%mdl 8192]} (31. Nc3 $1 $11 {[%mdl 512] and White is okay.} Bxf2+ (31... Rxc3 32. Rxc3) 32. Kg2 Rxc3 33. Rxc3 Qxc3 34. Qxa4 Bxb6 35. Qa8+ (35. Qe8+ Kg7 $15) 35... Kg7 36. Qxb7) 31... Qc6 $1 $19 {Hoping for ...Bxf2+!} 32. Rd5 $2 {[#]} (32. Rxe5 dxe5 33. Bb5 $1 {[%mdl 512]} Rxf2 34. Bxc6 Rd2+ {[%mdl 64] Discovered Attack} 35. Kh1 Rxd1 36. Rxd1 bxc6 37. Rc1) 32... Raa2 (32... Bxf2+ $142 $1 {[%mdl 512]} 33. Kxf2 (33. Rxf2 Rc1) 33... Qxb6+ 34. Kg2 Raa2) 33. Qxd4 Rxe2 34. Kg2 Ra4 35. Qd1 Rexe4 $2 ({Don't play} 35... Raxe4 36. Rxd6 Qc5 37. Qd5 $15) (35... Rc2 $17 36. h3 Nc4) 36. Rxd6 $11 Qc5 37. Rd5 {[%cal Bd6d5,Bd5e5,Be5e7][%mdl 32]} Qb4 38. Nd2 Rd4 39. Rxe5 {Strongly threatening Re2.} Rxd2 40. Qf3 Qxb6 {[#]} 41. Re7 $1 {[%mdl 512]} Qc6 42. Rxf7 Qxf3+ 43. Rxf3 {[%mdl 4096] Endgame KRR-KRR} Rd7 44. Rb1 Re4 45. h4 Ree7 46. Rb2 {White has an edge.} Rf7 47. Rfb3 Kg7 48. Rb6 h5 {Accuracy: White = 43%, Black = 54%.} 1/2-1/2